All da funne characters - Statistics

General Stats
  • This quiz has been taken 7 times
  • The average score is 142 of 166
Answer Stats
Known from:
(Mailny just
character groups)
Character % Correct
Poliwags pet 🐈
100%
The small rat Alolan rattata
100%
Ghost Gang Banette
100%
Preparing for necrozma Bendy
100%
The guy who has a giantLooming nametag Bernard
100%
Among drip play(He kills hyda😳) Blender monkey
100%
Guardian from finale Blue guardian
100%
Team Brooklyn Brooklyn
100%
Cuphead/The legendary war Cagney
100%
Capybara arc Capybara
100%
Corruption Corrupted brooklyn
100%
Corruption Corrupted flareon
100%
Corruption Corrupted furret
100%
Corruption Corrupted leafeon
100%
Corruption Corrupted poliwag
100%
Corruption Corrupted zethron
100%
Time and space Cosmog
100%
Frostbears old ally Cupcake
100%
HG Darkmatter
100%
Finale bad guy 😈Demandous👿
100%
Finale bad guy minions Demandous minions
100%
Ghost Gang Devil from cuphead
100%
Time and Space Dialga
100%
They kidnapped hoopa Dk
100%
HG Duskull
100%
Giant gang Ender dragon
100%
Outside People kingAnd Finale villan Enderman
100%
Frostbears creation Endoraptor
100%
Crossover idiots Eteled
100%
Team Brooklyn Flareon
100%
Crossover idiots Fred the fish
100%
Universe Destroyers Frostbear
100%
Frostbears ally Frostbonnie
100%
Preparing for necrozma Ft freddy head
100%
Universe Destroyers Funtime foxy
100%
Team Brooklyn Furret
100%
Saltydkdan MinecraftStream 1 10:00:08 Garfeldi
100%
Toy Dimension G.cave
100%
Ghost Gang Gengar
100%
Giant gang Giga spiderman
100%
Time and Space Giratina
100%
Crossover idiots Glep
100%
Universe Destroyers Glitch
100%
Glitchs half twin but also his creation wut Glitchtrap
100%
They kidnapped hoopa Gorilla
100%
Guardian from finale Green guardian
100%
Team Brooklyn Greg
100%
Team Brooklyn Grimmsnarl
100%
Toy Dimension G.root
100%
Time and Space Groudon
100%
TOY DIMENSION G.sky
100%
Toy Dimension G.space
100%
BOY I WONDER G.wild
100%
CoC (the game i swear) Hog rider
100%
HG Hoopa
100%
BrooklynLabs.co Horsea
100%
Yahiamice ai generatedGreentext Horse walks in
100%
HG (____Gang) Hyda
100%
Hyda minion Hyda minion ben
100%
Hyda minion Hyda minion rayquaza
100%
Hyda minion Hyda minion zoroark
100%
HG Hyperdal
100%
Capybara arc Knuckles
100%
BrooklynLabs.co Lapras
100%
Team Brooklyn Leafeon
100%
Ghost Gang Litwick
100%
Team Brooklyn Lolbit
100%
Toy Dimension L'slasher
100%
Toy Dimension L'sorcer
100%
Civilian plumber Luigi
100%
Ball Luxury ball North Korea
100%
Civilian plumber Mario
100%
Universe Destroyers Marshadow
100%
Ball Masterball South korea
100%
Pawpatrol Mayor hummdinger
100%
Capybara arc Metal sonic
100%
BrooklynLabs.co Mewtwo
100%
Ghost Gang Mimikyu
100%
HG Mr.plague
100%
Universe Destroyers Necrozma
100%
Preparing for necrozma Nightmarionne
100%
HG Omeganton
100%
Time and Space Palkia
100%
Petscop Paul
100%
HG Perl
100%
Team Brooklyn Poliwag
100%
Time and Space Rayquaza
100%
Guardian from finale Red guardian
100%
From the legendary war Rock
100%
Petscop Roneth
100%
Patrimi Santiago
100%
Universe traveler Snappy
100%
Universe traveler Snorty
100%
Time and Space Solgaleo
100%
Capybara arc Sonic
100%
Team Brooklyn Sophie
100%
BrooklynLabs.co Spo 1
100%
BrooklynLabs.co Spo 2
100%
HG Spodia
100%
BrooklynLabs.co Springtrap
100%
BrooklynLabs.co Stormo
100%
Capybara arc Tails
100%
Toy Dimension Tda1
100%
Toy Dimension Tda2
100%
Toy Dimension Tda3
100%
Infinitode 2 Tesla from infinitode 2
100%
Ghost Gang? Thanos
100%
Toy dimension THE KING
100%
Literally the channel The rat king
100%
Crossover idiots Tiara
100%
I dunno theyve workedFor both sides at a point Toon link
100%
Preparing for necrozma Twisted wolf
100%
Ball Ultra ball Japan
100%
Toy dimension UwU plant
100%
Crossover idiots Villager
100%
Guardian from finale Yellow guardian
100%
Crossover idiots Yendo
100%
Ghost Gang Yveltal
100%
Team Brooklyn Zethron
100%
Crossover idiots #1 prize cursed being
50%
Ghost Gang Alolan marowak
50%
BrooklynLabs.co Ally Bee
50%
Neutral Bird
50%
Tiktok Blue lobster
50%
BrooklynLabs.co Celebi
50%
Neutral Disco
50%
Giant gang Discolored
50%
Etc Doing slow
50%
BrooklynLabs.co Ally Fox 1
50%
BrooklynLabs.co Ally Fox 2
50%
BrooklynLabs.co Ally Fox 3
50%
Etc Fraction animals
50%
Team Brooklyn Glitched furret
50%
TOY DIMENSION G.odd
50%
Civilian Greninja
50%
Civilian Grookey
50%
Necrozma's ally? Guzzlord
50%
HG Hydas bowser robot
50%
Civilian Inteleon
50%
Neutral / God? Idfk Kirby
50%
BrooklynLabs.co Ally? Lucario
50%
BrooklynLabs.co Lugia
50%
BrooklynLabs.co Marill
50%
Was part of ghost gangAt a point Meta knight
50%
BrooklynLabs.co Ally Mr.krabs
50%
Crossover idiots Mr krabs (crossover idiot)
50%
Toy Dimension Natures deathsong
50%
Necrozma's ally? Nihilego
50%
Civilian Noctowl
50%
Giant gang Ojbwie
50%
Ghost Gang Phantom foxy
50%
Ghost Gang Phantom freddy
50%
Related to Ghost Gang Sanshrew
50%
Civilian Scorbunny
50%
Toy Dimension Smokescreener
50%
Civilian Sobble
50%
TOOOOOOOYYYYDIMEEENSIOOON Spong
50%
TOY DIMENSION AHHH The bad guy of the toy dimension that is evil or something yes this is my full name
50%
The true rat The other rat king
50%
Giant gang Ultrobot
50%
Crossover idiots Ultron
50%
BrooklynLabs.co Ally Wiggler
50%
Toy dimension but hes Also gonna get his own Series Xx_Nuubslayuur_xX
50%
Time and Space (old) Yinyang
50%
Civilian Empoleon
0%
Civilian Piplup
0%
No matching quizzes found
Score Distribution
Percent of People with Each Score
Percentile by Number Answered
Your Score History
You have not taken this quiz